Decline and Fall of the Roman Empire : (Record no. 7771)
[ view plain ]
| 000 -LEADER | |
|---|---|
| fixed length control field | 00547nam a22002057a 4500 |
| 001 - CONTROL NUMBER | |
| JCCL Control Number | 7771 |
| 003 - CONTROL NUMBER IDENTIFIER | |
| JCCL marc code | BD-JhCC |
| 005 - DATE AND TIME OF LATEST TRANSACTION | |
| control field | 20180220171637.0 |
| 008 - FIXED-LENGTH DATA ELEMENTS--GENERAL INFORMATION | |
| fixed length control field | 180213s1962 cn |||| |||| 000 0 eng d |
| 035 ## - SYSTEM CONTROL NUMBER | |
| system control number | (BD-JhCC) |
| 040 ## - CATALOGING SOURCE | |
| Original cataloging agency | BD-JhCC |
| Modifying agency | BD-JhCC |
| 041 ## - LANGUAGE CODE | |
| Language code of Book | eng |
| 082 ## - DEWEY DECIMAL CLASSIFICATION NUMBER | |
| Classification number | 937.06 |
| Author mark and Year | KAG 1962 |
| 100 ## - MAIN ENTRY--PERSONAL NAME | |
| Personal name | Kagan, Donald |
| 245 ## - TITLE STATEMENT | |
| Title | Decline and Fall of the Roman Empire : |
| Remainder of title | Why Did It Collapse? / |
| Statement of responsibility, etc | Donald Kagan |
| 260 ## - PUBLICATION, DISTRIBUTION, ETC. (IMPRINT) | |
| Place of publication, distribution, etc | Canada: |
| Name of publisher, distributor, etc | D. C. Beath and Company, |
| Date of publication, distribution, etc | 1962 |
| 300 ## - PHYSICAL DESCRIPTION | |
| Pagination | 99 p;, |
| Dimensions | 24 cm |
| 650 ## - SUBJECT ADDED ENTRY--TOPICAL TERM | |
| Topical term or geographic name as entry element | Rome (Empire) |
| 942 ## - ADDED ENTRY ELEMENTS (KOHA) | |
| Source of classification or shelving scheme | Dewey Decimal Classification |
| Koha item type | Books |
| Source of classification or shelving scheme | Damaged status | Not for loan | Home library | Current library | Shelving location | Date of accession | Total Checkouts | Full call number | Barcode | Date last seen | Copy number | Koha item type |
|---|---|---|---|---|---|---|---|---|---|---|---|---|
| Dewey Decimal Classification | JCC Rouf Library | JCC Rouf Library | General Stacks | 02/13/2018 | 937.06 KAG 1962 | 10032 | 02/13/2018 | C-1 | Books |